La resistencia alemana contra Hitler: el 20 de julio de 1944
Guardat en:
| Autors principals: | , |
|---|---|
| Format: | Llibre |
| Idioma: | espanyol |
| Publicat: |
Bonn
Gobierno Federal Alemán
1960
|
| Edició: | 3a. ed |
| Matèries: | |
| Etiquetes: |
Afegir etiqueta
Sense etiquetes, Sigues el primer a etiquetar aquest registre!
|
MARC
| LEADER | 00000nam a2200000 a 4500 | ||
|---|---|---|---|
| 001 | UCO0764 | ||
| 003 | CL-VaPUC | ||
| 008 | 000428e19600000GW |||||||||||||||||spa|d | ||
| 082 | 0 | 4 | |a 943.086 |b ZIM |2 21 |
| 100 | 0 | |a Zimmermann, Erich |e author |9 442239 | |
| 700 | |a Jacobsen, Hans-Adolf |e author |9 452965 | ||
| 245 | 1 | 3 | |a La resistencia alemana contra Hitler: el 20 de julio de 1944 |
| 250 | |a 3a. ed | ||
| 300 | |a 338 p | ||
| 942 | |c BK | ||
| 945 | |d 20000428 00:00:00 |a rherrera | ||
| 260 | |a Bonn |b Gobierno Federal Alemán |c 1960 | ||
| 600 | 0 | 7 | |a HITLER, ADOLF |2 CL-VaPUC |9 314510 |
| 650 | 7 | |a HISTORIA DE ALEMANIA 1944 |2 CL-VaPUC |9 442241 | |
| 650 | 0 | |a Segunda Guerra Mundial |9 325982 | |
| 650 | 7 | |a TERCER REICH |2 CL-VaPUC |9 439830 | |
| 650 | 7 | |a OPOSICION POLITICA |2 CL-VaPUC |9 378078 | |
| 650 | 0 | |a Atentados |9 442242 | |
| 651 | 0 | |a Alemania |9 255688 | |
| 583 | |a last modification |c 20120831 12:10:03 |k Rodrigo Vera | ||
| 999 | |c 287411 |d 287409 | ||
| 952 | |0 0 |1 0 |4 0 |6 943_086000000000000_ZIM_1960 |7 0 |8 A |9 334258 |a BIBHIS |b BIBHIS |d 2019-11-20 |i 1265997 |o 943.086 ZIM 1960 |p 1265997 |r 2025-01-20 |w 2019-11-20 |y BK |k HIS | ||